Every 'My Singing Monsters' Monster (2025) - Statistics

General Stats
  • This quiz has been taken 298 times
    222 since last reset
  • The average score is 91 of 224
Answer Stats
Class Element Monster % Correct
Natural Single Potbelly
83%
Natural Single Toe Jammer
83%
Natural Single Mammott
82%
Natural Single Noggin
81%
Natural Single Tweedle
80%
Fire Single Kayna
76%
Dipster Dipster Re
74%
Dipster Dipster Mi
72%
Dipster Dipster So
71%
Natural Double Furcorn
68%
Dipster Dipster Ti
68%
Dipster Dipster Fa
67%
Dipster Dipster Do
66%
Dipster Dipster La
66%
Natural Double Drumpler
63%
Natural Quad Entbrat
62%
Natural Triple PomPom
61%
Natural Quad Riff
61%
Natural Double Shrubb
61%
Natural Double Dandidoo
60%
Natural Double Maw
60%
Natural Triple Bowgart
59%
Natural Double Quibble
59%
Natural Double Fwog
58%
Ethereal Single Ghazt
58%
Natural Quad Shellbeat
58%
Natural Triple T-Rox
58%
Natural Triple Clamble
57%
Natural Quad Deedge
57%
Seasonal Core Hoola
56%
Natural Double Oaktopus
56%
Natural Double Pango
56%
Natural Triple Pummel
56%
Mythical Natural G'joob
55%
Natural Quad Quarrister
55%
Natural Quint Mimic
54%
Seasonal Core Punkleton
54%
Natural Triple Spunge
54%
Magical Single Clackula
53%
Magical Double Gob
53%
Natural Triple Thumpies
53%
Seasonal Core Yool
53%
Natural Double Cybop
52%
Fire Double Flowah
52%
Ethereal Single Humbug
52%
Fire Double Stogg
52%
Magical Single Floot Fly
51%
Legendary Shugafam Shugabush
51%
Natural Triple Congle
50%
Natural Triple Scups
50%
Supernatural Supernatural Wubbox
50%
Seasonal Core Blabbit
49%
Fire Double Boskus
49%
Natural Triple Reedling
49%
Fire Double Glowl
48%
Ethereal Single Reebro
48%
Magical Single Theremind
48%
Fire Triple Barrb
47%
Magical Single Fluoress
47%
Ethereal Single Jeeode
47%
Ethereal Quint BeMeebEth
46%
Fire Quad Yelmut
46%
Ethereal Single Grumpyre
45%
Fire Quad Tring
45%
Fire Quint Bowhead
44%
Ethereal Triple Meebkin
44%
Fire Double Phangler
44%
Fire Triple Sooza
44%
Mythical Natural Anglow
43%
Mythical Natural Hyehehe
43%
Fire Quad PongPing
43%
Seasonal Core Schmoochle
43%
Fire Triple Whaddle
43%
Ethereal Double Whisp
43%
Fire Triple Woolabee
43%
Ethereal Triple Auglur
42%
Supernatural Wublin Brump
42%
Fire Quint Candelavra
42%
Fire Quint Drummidary
42%
Magical Quint Enchantling
42%
Fire Quad Flum Ox
42%
Fire Quint Gnarls
42%
Mythical Natural Strombonin
42%
Legendary Werdos Tawkerr
42%
Fire Triple Thrumble
42%
Fire Quint Tuskski
42%
Ethereal Double Bellowfish
41%
Ethereal Triple Blarret
41%
Ethereal Double Boodoo
41%
Fire Quad Edamimi
41%
Fire Triple Floogull
41%
Ethereal Double Fung Pray
41%
Ethereal Triple Piplash
41%
Fire Triple Wynq
41%
Ethereal Triple Yooreek
41%
Mythical Fire Buzzinga
40%
Ethereal Triple Gaddzooks
40%
Fire Quad Incisaur
40%
Seasonal Aux. Jam Boree
40%
Ethereal Triple Nitebear
40%
Fire Triple Repatillo
40%
Mythical Natural Yawstrich
40%
Supernatural Wublin Zynth
40%
Fire Quad Bisonorus
39%
Fire Quad Krillby
39%
Seasonal Aux. Monculus
39%
Ethereal Double Nebulob
39%
Ethereal Quad Pentumbra
39%
Fire Triple Rootitoot
39%
Fire Quad Sneyser
39%
Ethereal Double Sox
39%
Ethereal Quad Whaill
39%
Seasonal Aux. Whiz-bang
39%
Fire Triple Ziggurab
39%
Ethereal Double Jellbilly
38%
Seasonal Aux. Spurrit
38%
Magical Quad Blow't
37%
Ethereal Double Dragong
37%
Legendary Werdos Maggpi
37%
Ethereal Quad Oogiddy
37%
Legendary Shugafam Shugabass
37%
Fire Quad Tiawa
37%
Seasonal Aux. Clavavera
36%
Ethereal Triple Flasque
36%
Magical Triple G'day
36%
Legendary Werdos Parlsona
36%
Ethereal Quad Rhysmuth
36%
Legendary Shugafam Shugabeats
36%
Ethereal Quad Vhenshun
36%
Ethereal Triple X'rt
36%
Ethereal Double Arackulele
35%
Magical Double Bulbo
35%
Mythical Fire Cherubble
35%
Primordial Natural Lowb
35%
Magical Triple Rooba
35%
Legendary Shugafam Shugavox
35%
Ethereal Triple Teeter-Tauter
35%
Magical Double Bonkers
34%
Paironormal Magical Owlesque
34%
Magical Quad Pladdie
34%
Magical Triple Spytrap
34%
Legendary Werdos Stoowarb
34%
Primordial Natural Bogle
33%
Seasonal Aux. Carillong
33%
Magical Double Denchuhs
33%
Magical Triple Fiddlement
33%
Magical Quad Gloptic
33%
Seasonal Aux. Gobbleygourd
33%
Magical Double HippityHop
33%
Ethereal Double Kazilleon
33%
Magical Double Peckidna
33%
Legendary Shugafam Shugajo
33%
Magical Double Squot
33%
Magical Triple TooToo
33%
Magical Double Yuggler
33%
Seasonal Aux. Boo'qwurm
32%
Magical Triple Clavi Gnat
32%
Mythical Dreamythical Cranchee
32%
Magical Quad Plinkajou
32%
Magical Double Poppette
32%
Legendary Shugafam Shugitar
32%
Mythical Dreamythical Sporerow
32%
Magical Triple Banjaw
31%
Mythical Dreamythical Bleatnik
31%
Magical Triple Bridg-it
31%
Magical Double Cahoot
31%
Seasonal Aux. Ffidyll
31%
Magical Double Hawlo
31%
Magical Triple Mushaboom
31%
Titansoul Titansoul Phosphoran Phlox
31%
Mythical Dreamythical Pinghound
31%
Magical Double Pluckbill
31%
Supernatural Wublin Poewk
31%
Magical Double Roarick
31%
Mythical Dreamythical shLep
31%
Magical Double Wimmzies
31%
Magical Double Déjà-Jin
30%
Supernatural Wublin Screemu
30%
Legendary Shugafam Shugarock
30%
Mythical Dreamythical Wheezel
30%
Magical Double Xyster
30%
Supernatural Wublin Blipsqueak
29%
Magical Triple Cantorell
29%
Mythical Mythical Cataliszt
29%
Magical Double Knucklehead
29%
Mythical Dreamythical Knurv
29%
Magical Triple Larvaluss
29%
Magical Triple Periscorp
29%
Supernatural Wublin Pixolotl
29%
Magical Triple Tapricorn
29%
Magical Triple Withur
29%
Celestial Celestial Attmoz
28%
Paironormal Magical Hairionette
28%
Magical Double Osstax
28%
Supernatural Wublin Thwok
28%
Supernatural Wublin Tympa
28%
Magical Triple Uuduk
28%
Supernatural Wublin Dwumrohl
27%
Magical Triple Frondley
27%
Legendary Shugafam Shugabuzz
27%
Seasonal Aux. Viveine
27%
Supernatural Wublin Whajje
27%
Supernatural Wublin Bona-Petite
26%
Celestial Celestial Scaratar
26%
Supernatural Wublin Dermit
25%
Supernatural Wublin Fleechwurm
25%
Supernatural Wublin Gheegur
25%
Celestial Celestial Glaishur
25%
Celestial Celestial Loodvigg
25%
Celestial Celestial Plixie
25%
Celestial Celestial Torrt
25%
Celestial Celestial Furnoss
24%
Celestial Celestial Galvana
24%
Supernatural Wublin Astropod
23%
Supernatural Wublin Creepuscule
23%
Celestial Celestial Hornacle
23%
Supernatural Wublin Maulch
23%
Celestial Celestial Syncopite
23%
Celestial Celestial Vhamp
23%
Celestial Celestial Blasoom
22%
Supernatural Wublin Scargo
22%
Supernatural Wublin Zuuker
21%
Spectral Spectral Glowbe
15%
Titansoul Titansoul Cruv'laapthian Crocus
5%
No matching quizzes found
Score Distribution
Percent of People with Each Score
Percentile by Number Answered
Your Score History
You have not taken this quiz since the last reset